Chimiothérapie du paludisme

Zapisane w:
Opis bibliograficzny
1. autor: OMS
Format: Książka
Język:Undetermined
Wydane: Genève OMS
Hasła przedmiotowe:
Etykiety: Dodaj etykietę
Nie ma etykietki, Dołącz pierwszą etykiete!
Thư viện lưu trữ: Trung tâm Học liệu Trường Đại học Cần Thơ
LEADER 00448nam a2200169Ia 4500
001 CTU_6819
008 210402s9999 xx 000 0 und d
082 |a 616.9362 
082 |b C538 
100 |a OMS 
245 0 |a Chimiothérapie du paludisme 
245 0 |c OMS 
260 |a Genève 
260 |b OMS 
650 |a malaria,therapeutics 
904 |i Nguyễn Quang Điền, 960826 
980 |a Trung tâm Học liệu Trường Đại học Cần Thơ